Osiedle Nad Jeziorem Długim (Olsztyn) - Ulice - Statystyki

Ogólne statystyki
  • Ten quiz został rozwiązany 3 razy
  • Średni wynik to 11 z 21
Statystyki odpowiedzi
Litera Ulica % Poprawnych
B Bałtycka
100%
B Błękitna
100%
C Czarna
100%
J Jeziorna
100%
Z Zielona
100%
Ż Żółta
100%
A Artyleryjska
50%
B Biała
50%
B Bohaterów Bitwy Warszawskiej 1920
50%
B Bohaterów Monte Cassino
50%
K Kotańskiego
50%
K Kuronia
50%
L Leśna
50%
M Morska
50%
P Przyjaciół
50%
S Schumana
50%
B Bursztynowa
0%
K Koralowa
0%
R Róż
0%
R Różowa
0%
R Rybaki
0%
Nie znaleziono quizów pasujących do podanych kryteriów
Rozkład punktacji
Procent ludzi z każdym wynikiem
Percentyl według liczby udzielonych odpowiedzi
Twoja historia wyników
Nie rozwiązałeś tego quizu